La cocina asiática clásica / (Registro nro. 10183)

Detalles MARC
000 -LIDER
fixed length control field 00984nam a2200313 b 4500
001 - NÚMERO DE CONTROL
Identificador de número de control 229851
003 - IDENTIFICACDOR DE NÚMERO DE CONTROL
control field DO-SdBPM
005 - DATE AND TIME OF LATEST TRANSACTION
control field 20250129084028.0
007 - CAMPOS FIJOS DE DESCRIPCIÓN FÍSICA
fixed length control field 229851
008 - ELEMENTOS DE LONGITUD FIJA
fixed length control field 990525s1998 ag | ||| ||spa
017 ## - NÚMERO DE REGISTRO DE DERECHOS DE AUTOR
Copyright or legal deposit number
Assigning agency
035 ## - NÚMERO LOCAL
System control number
040 ## - FUENTE DE CATALOGACIÓN
Agencia que crea de manera original el registro DO-SdBPM
Idioma de catalogación spa
Agencia que realiza la transcripción BPMSU
Convenciones de la despripción
041 1# - CÓDIGOS DE OBRAS TRADUCIDAS O EN VARIOS IDIOMAS
Código del idioma del texto/archivo de sonido o separata spa
Cód. del idioma original y/o traducciones intermedias del texto
082 #4 - NÚMERO DE CLASIFICACIÓN DECIMAL DE DEWEY
Classification number 641.595
Item number S774c 1998
Edition number 22
100 1# - ASIENTO PRINCIPAL -- NOMBRE PERSONAL
Nombre personal Sri,Owen
Fechas asociadas con el nombre 1935-
245 13 - MENCIÓN DE TITULO
Título La cocina asiática clásica /
Mención de responsabilidad Sri Owen ; traducción Élida Smalietis ; fotografías Clive Streeter Mcleavey
Medio (Designación general de material)
250 ## - MENCIÓN DE EDICION
Mención de edición
260 ## - PUBLICACIÓN, DISTRIBUCIÓN, ETC. (PIE DE IMPRENTA)
Lugar de publicación, distribución, etc Barcelona :
Nombre del editor, distribuidor, etc. Javier Vergara,
Fecha de publicación, distribución, etc 1998
300 ## - DESCRIPCIÓN FÍSICA
Extensión 160 p. :
Otros detalles físicos il. ;
Dimensiones 30 cm
534 ## - NOTA SOBRE LA VERSIÓN ORIGINAL
Frase introductoria Título original :
Mención del título original The classic Asian cookbook
590 ## - NOTA LOCAL
Texto de la nota local Inventariado, 2025/VM
650 #4 - ENCABEZAMIENTO DE MATERIA--TEMÁTICO
Término temático o nombre geográfico como elemento de entrada Cocina asiática
Subdivisión de forma Recetas
Fuente del encabezamiento o término
650 #4 - ENCABEZAMIENTO DE MATERIA--TEMÁTICO
Término temático o nombre geográfico como elemento de entrada Recetas Gastronomía
Subdivisión geográfica Asia
Subdivisión de forma Recetas
700 1# - ASIENTO SECUNDARIO -- NOMBRE PERSONAL
Nombre personal Smalietis, Élida
Mención de responsabilidad traductora
700 1# - ASIENTO SECUNDARIO -- NOMBRE PERSONAL
Nombre personal Streeter Mcleavey, Clive
Mención de responsabilidad fotografía
910 ## - VALIDACIÓN
Validación VMateo V. Control de calidad. BPMSU
942 ## - ADDED ENTRY ELEMENTS (KOHA)
Source of classification or shelving scheme Dewey Decimal Classification
Koha item type Libros
Existencias
Withdrawn status Lost status Source of classification or shelving scheme Damaged status Not for loan Collection code Home library Current library Date acquired Total Checkouts Full call number Barcode Date last seen Price effective from Koha item type
    Dewey Decimal Classification     Colección General Biblioteca Pública Metropolitana Salomé Ureña Biblioteca Pública Metropolitana Salomé Ureña 05/20/2016   BPMSU CG 641.595 S774c 1998 BPMSU16050408 05/20/2016 05/20/2016 Libros